01012cam a2200301 i 450000100090000000300050000900500170001400800410003101000170007202000310008903800090012004000280012904200080015704300120016505000240017708200210020110000260022224500680024826400610031630000640037733600210044133700250046233800230048750400670051056300080057765000510058565000740063618924131NUST20220311104246.0160104s2017 fluab b 001 0 eng  a 2015050706 a9781498762342q(hardcover) aSAIF aDLCbengcDLCerdadDLC apcc aah-----00aTN113.H54bS66 201600a622.068223bSON1 aSoni, A. K.,eauthor.10aMining in the Himalayas :ban integrated strategy /cA.K. Soni. 1aBoca Raton :bCRC Press, Taylor & Francis Group,c[2017] axix, 225 pages :billustrations (some color), maps ;c24 cm atext2rdacontent aunmediated2rdamedia avolume2rdacarrier aIncludes bibliographical references (pages 207-214) and index. aH.B 0aMining engineeringzHimalaya Mountains Region. 0aMineral industriesxEnvironmental aspectszHimalaya Mountains Region.